00586nam a2200193Ia 4500001000700000003000500007008004100012010001100053040000900064100002200073245014700095260003500242300001800277440001500295500001600310503000500326650002000331650004100351Z_4316CHAP220113s1982 xx 000 0 und d a167384 cCHAP aCalderón, Mario aDescripción de las plagas que atacan los pastos tropicales y características de sus daños /cpor Mario Calderón y Fernàn a. Varela aCali, Colombia :bCIAT,c1982 a51 p. ; ilus. a04SP-03.01 aFotocopía a aPastosxPlagas  aPastosxPlagas I. Varela, Fernán A